LEADER 01767nam 2200553 450 001 9910480749303321 005 20180613001259.0 010 $a1-4704-0164-9 035 $a(CKB)3360000000464763 035 $a(EBL)3113913 035 $a(SSID)ssj0000889032 035 $a(PQKBManifestationID)11932393 035 $a(PQKBTitleCode)TC0000889032 035 $a(PQKBWorkID)10866010 035 $a(PQKB)11443095 035 $a(MiAaPQ)EBC3113913 035 $a(PPN)195414616 035 $a(EXLCZ)993360000000464763 100 $a20140903h19961996 uy 0 101 0 $aeng 135 $aur|n|---||||| 181 $ctxt 182 $cc 183 $acr 200 10$aLebesgue theory in the bidual of C(X) /$fSamuel Kaplan 210 1$aProvidence, Rhode Island, United States :$cAmerican Mathematical Society,$d1996. 210 4$d©1996 215 $a1 online resource (143 p.) 225 1 $aMemoirs of the American Mathematical Society,$x0065-9266 ;$vVolume 121, Number 579 300 $a"May 1996, Volume 121, Number 579 (third of 4 numbers)"--Cover. 311 $a0-8218-0463-4 320 $aIncludes bibliographical references and indexes. 410 0$aMemoirs of the American Mathematical Society ;$vVolume 121, Number 579. 606 $aLebesgue integral 606 $aRadon measures 606 $aBanach lattices 608 $aElectronic books. 615 0$aLebesgue integral. 615 0$aRadon measures. 615 0$aBanach lattices. 676 $a515/.43 700 $aKaplan$b Samuel$f1916 September 13-2010,$0874097 801 0$bMiAaPQ 801 1$bMiAaPQ 801 2$bMiAaPQ 906 $aBOOK 912 $a9910480749303321 996 $aLebesgue theory in the bidual of C(X)$91951568 997 $aUNINA LEADER 00664nam0 2200241 450 001 9910723501403321 005 20230606115306.0 010 $a978-0-19-968661-2 100 $a20230606d2011----km y0itay50 ba 101 0 $aeng 102 $aGB 105 $ay 001yy 200 1 $aRationality and religious commitment$fRobert Audi 210 $aOxford$cOxford University Press$d2011 215 $aIX, 311 p.$d24 cm 700 1$aAudi,$bRobert$0164278 801 0$aIT$bUNINA$gREICAT$2UNIMARC 901 $aBK 912 $a9910723501403321 952 $aXI DU A 011$fDFD 959 $aDFD 996 $aRationality and religious commitment$93368277 997 $aUNINA LEADER 02001nas 2200613- 450 001 996336171303316 005 20240120213021.0 011 $a2044-1290 035 $a(DE-599)ZDB2625773-7 035 $a(OCoLC)792986571 035 $a(CKB)2550000000015546 035 $a(CONSER)--2016207361 035 $a(EXLCZ)992550000000015546 100 $a20100712a20109999 --- a 101 0 $aeng 135 $aurcnu|||||||| 181 $ctxt$2rdacontent 182 $cc$2rdamedia 183 $acr$2rdacarrier 200 00$aAdvances in mental health and intellectual disabilities 210 1$aHove, East Sussex :$cPier Professional,$d2010- 210 3$aBingley, UK :$cEmerald Group Publishing 311 $a2044-1282 606 $aLearning disabled$xMental health services$zGreat Britain$vPeriodicals 606 $aLearning disabilities 606 $aMental health 606 $aLearning Disabilities 606 $aMental Health 606 $aPersonnes en difficulté d'apprentissage$xServices de santé mentale$zGrande-Bretagne$vPériodiques 606 $aTroubles de l'apprentissage 606 $aSanté mentale 606 $amental health$2aat 606 $aMental health$2fast 606 $aLearning disabilities$2fast 607 $aGreat Britain$2fast 608 $aPeriodical 608 $aPeriodicals. 608 $aPeriodicals$2fast 615 0$aLearning disabled$xMental health services 615 0$aLearning disabilities. 615 0$aMental health. 615 2$aLearning Disabilities. 615 2$aMental Health 615 6$aPersonnes en difficulté d'apprentissage$xServices de santé mentale 615 6$aTroubles de l'apprentissage. 615 6$aSanté mentale. 615 7$amental health. 615 7$aMental health 615 7$aLearning disabilities 676 $a362.30941 906 $aJOURNAL 912 $a996336171303316 996 $aAdvances in mental health and intellectual disabilities$92250714 997 $aUNISA